000 01318cam a22003617a 4500
003 CHAP
005 20220329141328.0
008 971013s1988 r 00010 d
010 _a66488
011 _a67460
035 _a76930
040 _cCHAP
090 _aTesis
100 0 0 _aLópez Aceves, Guillermo Fernando.
_967632
245 0 _aFactores que determinan el desarrollo de Ustilago maydis (D.C.) CDA; agente causal del huitlacoche del maíz
260 _aChapingo, Méx. :
_bEl autor,
_c1988
300 _a84 h.
502 _aTesis (Maestro en ciencias esp. en Fitopatología) -- CP. Centro de Fitopatología
590 _aALEPH
_b10
_c20130110
_lUCH01
_h1400
590 _aBATCH-UPD
_b10
_c20130110
_lUCH01
_h0300
590 _aBATCH-UPD
_b10
_c20130110
_lUCH01
_h2110
590 _aBATCH-UPD
_b10
_c20130409
_lUCH01
_h2332
590 _aBATCH-UPD
_b10
_c20130410
_lUCH01
_h1421
590 _aBATCH-UPD
_b10
_c20130914
_lUCH01
_h1114
590 _aCONVERSION
_b10
_c20130109
_lUCH01
_h1337
650 1 4 _aCuitlacoche.
_930196
650 1 4 _aMaíz
_xEnfermedades.
_970939
710 0 _aColegio de Postgraduados. Chapingo, Méx. Centro de Fitopatología.
_925080
901 _aBK
942 _cFOLL
949 _bBC
_cTES
_d-29789
_eTS1
_h20226
_i76930
_si
949 _bBC
_cTES
_d33724000904686
_eTS2
_fc.2
_h20227
_i76930
_si
999 _c66488
_d66488